| 000 | 00863nac a22002291u 4500 | ||
|---|---|---|---|
| 010 | _a 2005041277 | ||
| 020 | _a1566706769 (alk. paper) | ||
| 082 | 0 | 0 |
_a628.5 _bCON |
| 090 |
_c6717 _d6717 |
||
| 100 | _aConnell, D. W. | ||
| 245 | 1 | 0 |
_aBasic concepts of environmental chemistry / _cby Des W. Connell. |
| 250 | _a2nd ed. | ||
| 260 |
_aBoca Raton, FL : _bCRC/Taylor & Francis,c.2005. _cc.2005. |
||
| 300 |
_a462 p. : _bill. ; _c25 cm. |
||
| 500 | _aRev. ed. of: Basic concepts of environmental chemistry / Des W. Connell ... [et al.]. 1997. | ||
| 500 | _aIncludes index. | ||
| 500 | _aDistributer: Al-Ahram. | ||
| 511 | _aCatalogued By: Mahitab. | ||
| 650 | 0 | _aEnvironmental chemistry. | |
| 856 | 4 | 2 |
_3Publisher description _uhttp://www.loc.gov/catdir/enhancements/fy0646/2005041277-d.html |
| 942 |
_cBB _k628.5CON |
||
| 999 |
_c6717 _d6717 |
||